000 00484nam a2200181Ia 4500
001 18620
005 20260306171644.0
008 260306s9999||||xx |||||||||||||| ||und||
041 _aESP
082 _a658.4092
_bG79
100 _aGreenleaf, Robert K.
_eAUT
245 0 _aServant leadership:
_ba journey into the nature of legitimate power and greatness
260 _c2002
300 _ax, 370 páginas :
_c22 cm.
650 _aGEN
654 _aCHU
942 _cLIB
_dJUS
_fJUS
_2ddc
_n
999 _c18620
_d18620